000 00582nam a2200217Ia 4500
005 20241129104204.0
008 241129s9999||||xx |||||||||||||| ||und||
020 _a9781789909036
037 _aTextual
040 _aRTL
_beng
_cRTL
041 _aeng
_2eng
084 _aXg R2/RR
_qRTL
100 _aPickel Andreas
_9725160
245 0 _aHANDBOOK OF economic nationalism
_cPickel Andreas
260 _aUK
_bEdward Elgar
_c2022
300 _axxxi,384p.
365 _aINR
_b18696.1
650 _aEconomics
942 _cTB
_hXg R2/RR
999 _c1224796
_d1224796